Funktionalanalysis und Numerische Mathematik: Band 120 /

Gespeichert in:
Bibliographische Detailangaben
1. Verfasser: Collatz, Lothar (Verfasst von)
Format: Buch
Sprache:Deutsch
Veröffentlicht: Berlin: Springer - Verlag, 1964
Schlagworte:
Tags: Tag hinzufügen
Keine Tags, Fügen Sie das erste Tag hinzu!

MARC

LEADER 00000nam a22000003a 4500
001 0082362
003 SK-STU
005 20200709102238.3
007 ta
008 200709s ----xo-----e------000-0-----d
040 |a STU  |b slo 
041 0 |a ger  |h ger 
044 |a gw 
100 1 |a Collatz, Lothar  |4 aut 
245 1 0 |a Funktionalanalysis und Numerische Mathematik:  |b Band 120 /  |c aut. Lothar Collatz 
260 |a Berlin:  |b Springer - Verlag,  |c 1964 
300 |a 371 s. 
650 0 7 |a funkcionálna analýza 
650 0 7 |a numerická matematika 
996 |b 284V041273  |c V* 53053/O-24213  |l VVT  |s A  |a 24  |w 0082362_0001